000 00665nam a22002297a 4500
003 UA-OsUOA
001 34147
007 ta
008 20050926b un ||||| |||| 00| 0 ukr d
090 _a821.161.2
_bЗ-43
942 _cBK
040 _aUA-OsUOA
_bukr
_cUA-OsUOA
_dUA-OsUOA
245 _aЗворушене серце: Твори Ольги Кобилянської
_bНавчальний посібник
300 _a384 с.
955 _a2
041 _aukr
080 _a821.161.2
020 _a966-8066-32-4
260 _aК.
_bГрамота
_c2003
650 7 _a82 Література. Літературознавство
_2UDC
999 _c320578
_d320578